000 00562nam a2200169 4500
001 125924
003 ES-MaACL
005 20230906192725.0
007 t|
008 070214s1928 sp r ||||1| spa d
245 0 0 _aReglamentos orgánico (definitivo) y de régimen interior.
260 _aMadrid :
_bSuc. de Rivadeneyra,
_c1928.
300 _a110 p. ;
_c19 x 13 cm.
500 _aPrecede al tít: Cámara Oficial de la Propiedad Urbana de la Provincia de Madrid.
710 2 _aCámara de la Propiedad Urbana de Madrid.
_92406
852 _aES-MaACL
_j1730-F-7
999 _c125924
_d125924